[Event "Championnat de France - Accession"]
[Site "NANCY"]
[Date "2013.08.12"]
[Round "1.1"]
[White "Stephan, Victor"]
[Black "Lagarde, Maxime"]
[Result "1/2-1/2"]
[WhiteElo "2304"]
[BlackElo "2526"]
[Annotator "Rivier,Sylvain"]
[PlyCount "97"]

1. d4 Nf6 2. c4 g6 3. Nc3 Bg7 4. g3 c5 5. d5 d6 6. Bg2 O-O 7. e4 e6 8. Nge2
exd5 9. cxd5 Re8 10. a4 Na6 11. O-O c4 12. Be3 Ng4 13. Bd4 Ne5 14. a5 Bd7 15.
b3 Qc7 16. h3 cxb3 17. Rb1 Nc5 18. f4 Ned3 19. Bxg7 Kxg7 20. Rf3 b5 21. Rxd3 b4
22. Re3 bxc3 23. Qd4+ Kg8 24. Qxc3 Rab8 25. Nd4 b2 26. Rxb2 Rxb2 27. Qxb2 Qxa5
28. e5 Qb6 29. Qf2 Qb4 30. exd6 Rxe3 31. Qxe3 Nb7 32. Nc6 Qb1+ 33. Kh2 Nxd6 34.
Qxa7 Qb7 35. Qc5 Bxc6 36. dxc6 Qc7 37. Qe5 Qd8 38. Qd4 Qe7 39. Qc5 Qd8 40. Qb4
Kg7 41. Qd4+ f6 42. Qd5 Qe7 43. g4 Nf7 44. h4 h6 45. Qd4 g5 46. hxg5 hxg5 47.
f5 Qc7+ 48. Kg1 Ne5 49. Qc5 {suite illisible} 1/2-1/2

[Event "Championnat de France - Accession"]
[Site "NANCY"]
[Date "2013.08.12"]
[Round "1.2"]
[White "Chabanon, Jean-Luc"]
[Black "Brailly-Vignal, Bastien"]
[Result "1-0"]
[WhiteElo "2473"]
[BlackElo "2300"]
[PlyCount "125"]

1. d4 Nf6 2. Nf3 e6 3. c4 Bb4+ 4. Nc3 c5 5. g3 cxd4 6. Nxd4 O-O 7. Bg2 d5 8.
O-O dxc4 9. Ndb5 Nc6 10. Bf4 Bxc3 11. bxc3 e5 12. Be3 Bg4 13. Bc5 Qxd1 14.
Rfxd1 Rfc8 15. Nd6 Rc7 16. Nxb7 Bxe2 17. Bd6 Rcc8 18. Re1 Bd3 19. Nc5 e4 20.
Nxe4 Nxe4 21. Bxe4 Bxe4 22. Rxe4 Rd8 23. Bf4 Rac8 24. Rae1 f6 25. Rxc4 Kf7 26.
Kg2 g5 27. Be3 Ne5 28. Rxc8 Rxc8 29. Bxa7 Ra8 30. Bd4 Nc6 31. Re2 Ra4 32. Rd2
g4 33. Bxf6 Kxf6 34. Rd6+ Kg5 35. Rxc6 Rxa2 36. Rc5+ Kg6 37. Rc4 Kg5 38. Rf4
Rc2 39. c4 Rc1 40. h4+ Kh5 41. Rf5+ Kh6 42. Rc5 Ra1 43. Rd5 Rb1 44. c5 Rc1 45.
Re5 Rb1 46. Re4 Rc1 47. Rxg4 Rxc5 48. Ra4 Rc3 49. g4 Kg6 50. Ra6+ Kg7 51. g5
Rb3 52. f3 Rb1 53. Kg3 Rg1+ 54. Kf4 Rh1 55. Kg4 Rb1 56. Ra7+ Kg8 57. f4 Rb2 58.
f5 Rb4+ 59. Kh5 Rc4 60. Ra8+ Kf7 61. f6 h6 62. Ra7+ Ke6 63. Re7+ 1-0

[Event "Championnat de France - Accession"]
[Site "NANCY"]
[Date "2013.08.12"]
[Round "1.3"]
[White "Fayard, Alain"]
[Black "Marzolo, Cyril"]
[Result "0-1"]
[WhiteElo "2266"]
[BlackElo "2449"]
[Annotator "Rivier,Sylvain"]
[PlyCount "70"]

1. d4 Nf6 2. c4 c5 3. d5 b5 4. cxb5 a6 5. b6 d6 6. a4 a5 7. Nc3 Ba6 8. e4 Bxf1
9. Kxf1 Nbd7 10. b7 Rb8 11. f4 Rxb7 12. Nf3 Qb8 13. Qe2 Nb6 14. b3 g6 15. Nb5
Bg7 16. Bb2 O-O 17. Rd1 Re8 18. g3 c4 19. bxc4 Nxa4 20. Bd4 e6 21. e5 Nxd5 22.
Rc1 dxe5 23. fxe5 Rd8 24. Nd6 Rc7 25. Kg2 Nb4 26. Ra1 Nb6 27. Rxa5 Nc6 28. Bxb6
Qxb6 29. Rb5 Qa6 30. Rhb1 h6 31. Nb7 Rf8 32. Qb2 Qa7 33. Qe2 g5 34. Qe4 Ne7 35.
Nd4 Rxc4 {suite illisible} 0-1

[Event "Championnat de France - Accession"]
[Site "NANCY"]
[Date "2013.08.12"]
[Round "1.4"]
[White "Moussard, Jules"]
[Black "Mancini, Mario"]
[Result "0-1"]
[WhiteElo "2442"]
[BlackElo "2252"]
[Annotator "Rivier,Sylvain"]
[PlyCount "57"]

1. g3 Nf6 2. Bg2 d5 3. d3 c6 4. Nf3 Bf5 5. O-O h6 6. Nfd2 e5 7. e4 dxe4 8. dxe4
Bg4 9. Qe1 Bc5 10. Nc4 Qe7 11. Ne3 Be6 12. Nf5 Bxf5 13. exf5 Nbd7 14. Nd2 O-O
15. c3 a5 16. a4 Rfe8 17. Nb3 Bb6 18. Be3 e4 19. Bxb6 Nxb6 20. Qe2 Qe5 21. Nd4
Re7 22. Rfe1 Rae8 23. b3 Qc5 24. Qd2 Nbd5 25. Rac1 Rd7 26. Qc2 Nxc3 27. Nxc6
Nfd5 28. Bxe4 Rxe4 29. Rxe4 {suite illisible} 0-1

[Event "Championnat de France - Accession"]
[Site "NANCY"]
[Date "2013.08.12"]
[Round "1.5"]
[White "Pucher, Sebastien"]
[Black "Battaglini, Gabriel"]
[Result "0-1"]
[WhiteElo "2251"]
[BlackElo "2438"]
[PlyCount "68"]

1. Nf3 Nf6 2. c4 e6 3. g3 d5 4. Bg2 d4 5. e3 c5 6. O-O Nc6 7. Re1 h6 8. b3 Bd6
9. exd4 cxd4 10. Ba3 a5 11. Qc1 O-O 12. Bxd6 Qxd6 13. Na3 Qc5 14. d3 e5 15. Qb2
Bf5 16. Rad1 Rfe8 17. Nc2 Nb4 18. Nxb4 axb4 19. Re2 Rad8 20. Rde1 e4 21. dxe4
d3 22. Re3 Ng4 23. Nd2 Nxe3 24. Rxe3 Bg4 25. h3 Be2 26. e5 b5 27. Kh2 Re7 28.
cxb5 Qc3 29. Nc4 d2 30. Rxc3 bxc3 31. Qa3 Red7 32. Ne3 c2 33. Nxc2 d1=Q 34. Ne3
Qe1 0-1

[Event "Championnat de France - Accession"]
[Site "NANCY"]
[Date "2013.08.12"]
[Round "1.6"]
[White "Monroy, Charles"]
[Black "Saucey, Michel"]
[Result "1-0"]
[WhiteElo "2436"]
[BlackElo "2247"]
[PlyCount "85"]

1. Nf3 d5 2. d4 e6 3. c4 c5 4. cxd5 exd5 5. Nc3 Nc6 6. g3 Nf6 7. Bg2 c4 8. O-O
Be7 9. b3 cxb3 10. Qxb3 O-O 11. Bg5 Na5 12. Qc2 Be6 13. Nd2 h6 14. Bxf6 Bxf6
15. e3 Rc8 16. Rfc1 Be7 17. Qb2 Qd6 18. a3 a6 19. Qa2 Rfd8 20. Nb3 Nxb3 21.
Qxb3 Rc6 22. Ne2 Rb6 23. Qa2 g5 24. a4 Rc6 25. Rxc6 Qxc6 26. Rc1 Qd7 27. Rb1 b5
28. axb5 axb5 29. Nc1 b4 30. Nb3 Rc8 31. Qd2 Qa4 32. h3 Rc3 33. Nc5 Qa3 34.
Nxe6 fxe6 35. e4 dxe4 36. Bxe4 Qa7 37. Rd1 Bd6 38. Qe2 Qf7 39. Ra1 b3 40. Ra8+
Kg7 41. Kg2 Rc1 42. Ra6 Bc7 43. d5 1-0

[Event "Championnat de France - Accession"]
[Site "NANCY"]
[Date "2013.08.12"]
[Round "1.7"]
[White "Loiret, Stanislas"]
[Black "Velten, Paul"]
[Result "1-0"]
[WhiteElo "2237"]
[BlackElo "2430"]
[Annotator "Rivier,Sylvain"]
[PlyCount "64"]

1. Nf3 Nf6 2. c4 b6 3. d4 Bb7 4. Nc3 e6 5. Bg5 h6 6. Bxf6 Qxf6 7. e3 g5 8. Be2
Bg7 9. O-O d6 10. Qa4+ Bc6 11. Qc2 O-O 12. d5 Bb7 13. Rab1 Nd7 14. Nd4 Qe7 15.
dxe6 fxe6 16. Bg4 Bxd4 17. exd4 Qf6 18. Rbe1 Qf7 19. Ne4 Bxe4 20. Qxe4 Rfe8 21.
g3 h5 22. Bd1 Nf8 23. Qe3 Nh7 24. c5 bxc5 25. dxc5 Kh8 26. cxd6 cxd6 27. b4 e5
28. Bc2 g4 29. a4 Nf8 30. Bb3 Qg7 31. f3 Nh7 32. fxg4 hxg4 {suite illisible}
1-0

[Event "Championnat de France - Accession"]
[Site "NANCY"]
[Date "2013.08.12"]
[Round "1.8"]
[White "Roser, Kevin"]
[Black "Eden, James"]
[Result "1-0"]
[WhiteElo "2413"]
[BlackElo "2232"]
[PlyCount "83"]

1. e4 e5 2. Nf3 Nc6 3. Bb5 a6 4. Ba4 Nf6 5. O-O Be7 6. Re1 b5 7. Bb3 O-O 8. d3
d6 9. c3 Na5 10. Bc2 c5 11. Nbd2 Re8 12. Nf1 h6 13. d4 Qc7 14. d5 Nb7 15. b3 c4
16. b4 a5 17. Ng3 axb4 18. cxb4 Bd7 19. h3 Bf8 20. Nh2 g6 21. Ng4 Nxg4 22. hxg4
Qc8 23. f3 Kh7 24. Kf2 Bg7 25. Rh1 Rh8 26. Bxh6 Bxh6 27. g5 Kg7 28. gxh6+ Rxh6
29. Rxh6 Kxh6 30. Qd2+ Kg7 31. Qg5 Qd8 32. Nh5+ Kg8 33. Nf6+ Kg7 34. Rh1 Qxf6
35. Rh7+ Kxh7 36. Qxf6 Kg8 37. Qe7 Rd8 38. g3 Kg7 39. f4 exf4 40. gxf4 Bc8 41.
f5 Rd7 42. f6+ 1-0

[Event "Championnat de France - Accession"]
[Site "NANCY"]
[Date "2013.08.12"]
[Round "1.9"]
[White "Louis, Thibault"]
[Black "Mullon, Jean-Baptiste"]
[Result "0-1"]
[WhiteElo "2230"]
[BlackElo "2411"]
[PlyCount "144"]

1. e4 c5 2. Nc3 a6 3. Nge2 e6 4. d4 cxd4 5. Nxd4 Qc7 6. Bd3 Nf6 7. O-O Nc6 8.
Nxc6 dxc6 9. f4 e5 10. Kh1 Bd6 11. f5 Bc5 12. Qf3 h6 13. Na4 Ba7 14. Be3 Bxe3
15. Qxe3 Nd7 16. c4 b5 17. cxb5 axb5 18. Nc5 Nf6 19. Be2 Qe7 20. a4 bxa4 21.
Nxa4 O-O 22. Rfc1 Rd8 23. Nb6 Rxa1 24. Rxa1 Qb4 25. Nc4 Ba6 26. Nxe5 Qxb2 27.
Rxa6 Qxe5 28. Rxc6 Nxe4 29. Rc1 Qxf5 30. Rf1 Qe6 31. Qf4 Nf6 32. Bc4 Qb6 33.
Qf3 Qd4 34. Be2 Qb2 35. Bd3 Rc8 36. Bf5 Re8 37. g4 Qd2 38. Rd1 Re1+ 39. Rxe1
Qxe1+ 40. Kg2 Qd2+ 41. Qf2 Qb4 42. h3 Qd6 43. Qc2 Qd5+ 44. Kg3 Qe5+ 45. Kg2 g5
46. Qd3 Nd5 47. Qa6 Kg7 48. Qa3 Ne3+ 49. Kf3 Nxf5 50. gxf5 Qxf5+ 51. Kg3 Qe5+
52. Kg2 h5 53. Qf3 Kg6 54. Qd3+ Qf5 55. Qd6+ Kg7 56. Qd4+ Qf6 57. Qe4 Qb2+ 58.
Kg3 Qc3+ 59. Kg2 h4 60. Qg4 Qd2+ 61. Kg1 Qf4 62. Qd7 Qg3+ 63. Kh1 Qe1+ 64. Kh2
Qe2+ 65. Kh1 Qe6 66. Qd3 Qe1+ 67. Kh2 Qg3+ 68. Qxg3 hxg3+ 69. Kxg3 f5 70. h4 g4
71. Kf4 Kh6 72. Kxf5 g3 0-1

[Event "Championnat de France - Accession"]
[Site "NANCY"]
[Date "2013.08.12"]
[Round "1.10"]
[White "Lazarev, Vladimir"]
[Black "Domenech, Vianney"]
[Result "1-0"]
[WhiteElo "2410"]
[BlackElo "2219"]
[PlyCount "79"]

1. d4 d5 2. c4 c6 3. Nf3 Nf6 4. e3 Bg4 5. Nc3 e6 6. Qb3 Qb6 7. Nh4 Nbd7 8. h3
Bh5 9. g4 Bg6 10. Nxg6 hxg6 11. Bg2 Be7 12. Bd2 O-O 13. Qa4 dxc4 14. Qxc4 e5
15. O-O-O Qc7 16. Kb1 Nb6 17. Qb3 exd4 18. exd4 a5 19. f4 a4 20. Qc2 Nc4 21.
Bc1 b5 22. g5 Nh5 23. d5 Nxf4 24. dxc6 b4 25. Bxf4 Qxf4 26. Nd5 b3 27. Qe2 Qxg5
28. Nxe7+ Kh7 29. Qxc4 bxa2+ 30. Ka1 Qxe7 31. Rhe1 Qg5 32. Qd5 Qf4 33. Qf3 Qb4
34. Qc3 Qb6 35. Qd4 Qb5 36. Re5 Qb3 37. Bd5 Qc2 38. Qd3 Qxd3 39. Rxd3 f6 40.
Re7 1-0

[Event "Championnat de France - Accession"]
[Site "NANCY"]
[Date "2013.08.13"]
[Round "2.1"]
[White "Migot, Tangi"]
[Black "Chabanon, Jean-Luc"]
[Result "0-1"]
[WhiteElo "2339"]
[BlackElo "2473"]
[PlyCount "64"]
[EventDate "2013.??.??"]

1. e4 c5 2. Nf3 d6 3. Bc4 Nf6 4. d3 e6 5. Bb3 Be7 6. O-O O-O 7. c3 Nc6 8. Re1
b5 9. Nbd2 Rb8 10. Nf1 Ne5 11. d4 cxd4 12. cxd4 Nxf3+ 13. Qxf3 d5 14. exd5 Nxd5
15. Bxd5 exd5 16. Bf4 Rb7 17. Ne3 Be6 18. Rec1 Bf6 19. Qd1 Qb6 20. Rc5 Rd8 21.
Rac1 Qa6 22. Bc7 Re8 23. Be5 Bxe5 24. dxe5 Qxa2 25. f4 Qxb2 26. Qd3 d4 27. Qe4
dxe3 28. R5c2 Rc7 29. Rxc7 Qf2+ 30. Kh1 e2 31. Rg1 Bd5 32. Qxd5 Qxg1+ 0-1

[Event "Championnat de France - Accession"]
[Site "NANCY"]
[Date "2013.08.13"]
[Round "2.2"]
[White "Marzolo, Cyril"]
[Black "Claverie, Christophe"]
[Result "1-0"]
[WhiteElo "2449"]
[BlackElo "2323"]
[Annotator "Rivier,Sylvain"]
[PlyCount "33"]
[EventDate "2013.??.??"]

1. d4 Nf6 2. c4 e6 3. Nf3 b6 4. a3 Bb7 5. Nc3 d5 6. Bg5 Be7 7. Qa4+ c6 8. cxd5
exd5 9. e3 O-O 10. Be2 Nbd7 11. O-O a6 12. Rfd1 Re8 13. Rac1 Rc8 14. h3 c5 15.
Ne5 b5 16. Qb3 c4 17. Qc2 {suite illisible} 1-0

[Event "Championnat de France - Accession"]
[Site "NANCY"]
[Date "2013.08.13"]
[Round "2.3"]
[White "Battaglini, Gabriel"]
[Black "Saada, Julien"]
[Result "1-0"]
[WhiteElo "2438"]
[BlackElo "2321"]
[PlyCount "47"]
[EventDate "2013.??.??"]

1. c4 e6 2. e4 d5 3. exd5 exd5 4. d4 Nf6 5. Nf3 Be7 6. Nc3 O-O 7. Bd3 c5 8.
cxd5 Nxd5 9. O-O cxd4 10. Nxd4 Nxc3 11. bxc3 Nc6 12. Nxc6 bxc6 13. Qc2 h6 14.
Rd1 Qc7 15. Qe2 f5 16. Bf4 Qxf4 17. Bc4+ Kh7 18. Qxe7 Rh8 19. Rd4 Qg5 20. Re1
Qxe7 21. Rxe7 Rb8 22. h4 Rb1+ 23. Kh2 Rc1 24. Rd6 1-0

[Event "Championnat de France - Accession"]
[Site "NANCY"]
[Date "2013.08.13"]
[Round "2.4"]
[White "Bellahcene, Bilel"]
[Black "Monroy, Charles"]
[Result "1/2-1/2"]
[WhiteElo "2321"]
[BlackElo "2436"]
[PlyCount "80"]
[EventDate "2013.??.??"]

1. d4 Nf6 2. Nf3 e6 3. c4 b6 4. g3 Bb4+ 5. Bd2 c5 6. Bxb4 cxb4 7. Bg2 Bb7 8.
O-O O-O 9. a3 Qe7 10. Ne5 Bxg2 11. Kxg2 Nc6 12. Qd3 Rfd8 13. Rd1 a5 14. e4 bxa3
15. Nxa3 Nb4 16. Qf3 Rac8 17. Re1 d6 18. Nd3 e5 19. b3 Nc6 20. Nb5 Nxd4 21.
Nxd4 exd4 22. Rad1 a4 23. Nf4 Qe5 24. Nd5 Nd7 25. bxa4 Rxc4 26. Qb3 Rdc8 27.
Qb5 Qe6 28. Nxb6 Nxb6 29. Qxb6 Rxa4 30. Rxd4 Rxd4 31. Qxd4 Re8 32. Rd1 Qxe4+
33. Qxe4 Rxe4 34. Rxd6 h5 35. h4 g6 36. Rd2 Ra4 37. Rb2 Ra3 38. Rc2 Rb3 39. Rd2
Ra3 40. Rb2 Rc3 1/2-1/2

[Event "Championnat de France - Accession"]
[Site "NANCY"]
[Date "2013.08.13"]
[Round "2.5"]
[White "Di Nicolantonio, Lucas"]
[Black "Roser, Kevin"]
[Result "1/2-1/2"]
[WhiteElo "2310"]
[BlackElo "2413"]
[PlyCount "109"]
[EventDate "2013.??.??"]

1. d4 Nf6 2. Nf3 e6 3. c4 b6 4. g3 Ba6 5. Qa4 Bb7 6. Bg2 c5 7. dxc5 bxc5 8. O-O
Be7 9. Nc3 O-O 10. Rd1 Qb6 11. Bf4 d6 12. Rab1 Nbd7 13. b4 Rfb8 14. Be3 Bc6 15.
Qc2 Ng4 16. bxc5 Nxe3 17. Rxb6 Nxc2 18. Rxc6 Nxc5 19. Nb5 Nb4 20. Rc7 Bd8 21.
Rxa7 Rxa7 22. Nxa7 Nxa2 23. Nc6 Nc3 24. Rxd6 Rb1+ 25. Bf1 Bf6 26. Rd2 Rc1 27.
Nb4 N3e4 28. Rc2 Rd1 29. Kg2 g5 30. h3 h5 31. g4 hxg4 32. hxg4 Bg7 33. Nd3 Bf8
34. Nxc5 Bxc5 35. e3 f5 36. Be2 Rd8 37. Ne5 Bd6 38. Nc6 Re8 39. Nd4 f4 40. Bf3
Nc5 41. Ra2 Kg7 42. Ra7+ Kf6 43. Rh7 Kg6 44. Rh1 Kg7 45. Rh5 fxe3 46. fxe3 Be7
47. Rh1 Rb8 48. Nb5 Rd8 49. Rd1 Rxd1 50. Bxd1 Kf6 51. Kf3 Bf8 52. Bc2 Be7 53.
Nc3 Bf8 54. Be4 Nd7 55. Bc2 1/2-1/2

[Event "Championnat de France - Accession"]
[Site "NANCY"]
[Date "2013.08.13"]
[Round "2.6"]
[White "Mullon, Jean-Baptiste"]
[Black "Loiret, Stanislas"]
[Result "1-0"]
[WhiteElo "2411"]
[BlackElo "2237"]
[PlyCount "113"]
[EventDate "2013.??.??"]

1. e4 c5 2. Nf3 d6 3. d4 cxd4 4. Nxd4 Nf6 5. Nc3 a6 6. Be3 Ng4 7. Bc1 Nc6 8.
Nxc6 bxc6 9. Be2 Nf6 10. O-O e5 11. f4 Be7 12. Kh1 O-O 13. Bf3 exf4 14. Bxf4
Qc7 15. Ne2 Nd7 16. Nd4 Ne5 17. Nf5 Rd8 18. Qe1 Ng6 19. Bd2 Re8 20. Ba5 Qb7 21.
Bc3 Ne5 22. Qg3 Bxf5 23. exf5 Bf6 24. Rad1 d5 25. b3 Re7 26. Qf4 Rae8 27. Bb4
Rd7 28. Rfe1 Rdd8 29. Bc3 Qb8 30. Be2 Nd7 31. Qxb8 Nxb8 32. Ba5 Rc8 33. Bd3 Be5
34. Re2 f6 35. c4 d4 36. c5 Nd7 37. b4 Nb8 38. Bc4+ Kf8 39. g3 g5 40. Kg2 h5
41. Rd3 Re7 42. Re4 Rce8 43. Rd2 Rb7 44. Rd3 Nd7 45. Ra3 Ra8 46. Be2 g4 47. h3
h4 48. gxh4 g3 49. Rg4 Nb8 50. Bc4 Rh7 51. Bb6 Ke7 52. Rg8 Rxh4 53. b5 cxb5 54.
Bd5 Nc6 55. Rxa8 Nb8 56. Ra7+ Ke8 57. c6 1-0

[Event "Championnat de France - Accession"]
[Site "NANCY"]
[Date "2013.08.13"]
[Round "2.7"]
[White "Mancini, Mario"]
[Black "Lazarev, Vladimir"]
[Result "1/2-1/2"]
[WhiteElo "2252"]
[BlackElo "2410"]
[PlyCount "43"]
[EventDate "2013.??.??"]

1. d4 Nf6 2. c4 e6 3. Nc3 Bb4 4. e3 d5 5. Nf3 O-O 6. Bd3 c5 7. O-O dxc4 8. Bxc4
Nbd7 9. a3 Ba5 10. Qe2 a6 11. Rd1 Qe7 12. Bd2 b5 13. Ba2 Bc7 14. dxc5 Qxc5 15.
Rac1 Qh5 16. h3 Bb6 17. Nd4 Qh4 18. Nf3 Qh5 19. Nd4 Qh4 20. Nf3 Qh5 21. Nd4 Qh4
22. Nf3 1/2-1/2

[Event "Championnat de France - Accession"]
[Site "NANCY"]
[Date "2013.08.12"]
[Round "2.8"]
[White "Schweitzer, Viktoriya"]
[Black "Jolly, Jean-Francois"]
[Result "1-0"]
[WhiteElo "2199"]
[BlackElo "2378"]
[PlyCount "149"]
[EventDate "2013.??.??"]

1. e4 e5 2. Nc3 Nf6 3. g3 Bc5 4. Bg2 Nc6 5. Nf3 a6 6. Nxe5 Nxe5 7. d4 Bxd4 8.
Qxd4 d6 9. Bf4 Bh3 10. Bxe5 Bxg2 11. Bxf6 Qxf6 12. Qxf6 gxf6 13. Rg1 Bf3 14.
Kd2 c6 15. Ke3 Bg4 16. f3 Be6 17. g4 h5 18. g5 Ke7 19. b3 h4 20. Rad1 fxg5 21.
Rxg5 Rag8 22. Rdg1 Rxg5 23. Rxg5 Rh7 24. Ne2 f6 25. Rg1 Kf7 26. Nd4 Bd7 27. Kf4
Rh5 28. Rg2 d5 29. Ke3 c5 30. Ne2 dxe4 31. fxe4 Re5 32. Nc3 Rg5 33. Rf2 Bc6 34.
Ne2 Ke6 35. Rf4 Rh5 36. Rg4 Rh7 37. Nf4+ Kf7 38. c4 Bd7 39. Rg1 h3 40. Rg3 Rh4
41. Rf3 Rh6 42. a4 a5 43. Nd3 b6 44. Nf4 Be6 45. Kf2 Ke7 46. Rg3 Kd6 47. Rd3+
Ke5 48. Ke3 f5 49. Rd8 Bf7 50. Rd7 Bg8 51. Nd3+ Kf6 52. e5+ Kg5 53. Nf4 Rh7 54.
Rd6 Rh6 55. Rxh6 Kxh6 56. Nxh3 f4+ 57. Nxf4 Bh7 58. e6 Kg7 59. Kd2 Kf6 60. e7
Kxe7 61. Nd5+ Kd6 62. Nxb6 Bf5 63. Nd5 Ke5 64. Ne7 Be4 65. Ke3 Bc2 66. Nc6+ Kd6
67. Nxa5 Kc7 68. Kd2 Bg6 69. Kc3 Be8 70. b4 Bxa4 71. bxc5 Bd1 72. Kb4 Bh5 73.
c6 Kb6 74. c5+ Kc7 75. Kc4 1-0

[Event "Championnat de France - Accession"]
[Site "NANCY"]
[Date "2013.08.13"]
[Round "2.9"]
[White "Kirszenberg, Marc"]
[Black "Navrotescu, Catalin"]
[Result "0-1"]
[WhiteElo "2178"]
[BlackElo "2363"]
[PlyCount "134"]
[EventDate "2013.??.??"]

1. d4 Nf6 2. c4 c5 3. d5 d6 4. Nc3 g6 5. e4 Bg7 6. f4 O-O 7. Nf3 e6 8. Be2 exd5
9. cxd5 Bg4 10. O-O Nbd7 11. h3 Bxf3 12. Bxf3 Rb8 13. a4 a6 14. Be3 Ne8 15. Qc2
Nc7 16. Rab1 b5 17. b4 cxb4 18. Rxb4 Rc8 19. Bd4 a5 20. Bxg7 Kxg7 21. Rbb1 Nxd5
22. exd5 b4 23. Rb3 Qf6 24. Bg4 Rfd8 25. Rf3 Rc5 26. Bxd7 Rxd7 27. Qd2 bxc3 28.
Rbxc3 Rdc7 29. Rxc5 Rxc5 30. f5 g5 31. Rg3 h6 32. h4 Qe5 33. f6+ Kxf6 34. hxg5+
hxg5 35. Re3 Rxd5 36. Rxe5 Rxd2 37. Rxa5 d5 38. Kf1 Ke5 39. Ra8 f5 40. a5 Kf4
41. a6 Ra2 42. a7 Kg3 43. Rg8 Rxa7 44. Rxg5+ Kf4 45. Rg8 Ra1+ 46. Ke2 Ra2+ 47.
Kd3 Ra1 48. Kd4 Rd1+ 49. Kc3 Ke5 50. Re8+ Kf6 51. Rg8 Kf7 52. Rd8 Kf6 53. Kc2
Ke7 54. Rg8 Rd4 55. Rg3 Rg4 56. Re3+ Kd6 57. Re2 d4 58. Rf2 Ke5 59. Re2+ Kd5
60. Rf2 Kc4 61. Kd2 Rg3 62. Kc2 f4 63. Kd2 Rg8 64. Kc2 Rg4 65. Kd2 d3 66. Kc1
Kc3 67. Ra2 f3 0-1

[Event "Championnat de France - Accession"]
[Site "NANCY"]
[Date "2013.08.13"]
[Round "2.10"]
[White "Romano, Gianni"]
[Black "Barbot, Pierre"]
[Result "0-1"]
[WhiteElo "1959"]
[BlackElo "2360"]
[PlyCount "76"]
[EventDate "2013.??.??"]

1. d4 d5 2. Nf3 Nf6 3. Bf4 c5 4. Nc3 e6 5. e3 Be7 6. Bb5+ Bd7 7. Bxd7+ Nbxd7 8.
O-O O-O 9. a4 Nh5 10. Ne5 Nxf4 11. exf4 cxd4 12. Qxd4 Bc5 13. Qd3 Nxe5 14. fxe5
Qc7 15. Rae1 Rfc8 16. Kh1 a6 17. f4 Bb4 18. Rf3 Qc4 19. Rd1 Bxc3 20. bxc3 Qxd3
21. Rfxd3 Rc4 22. f5 Rxa4 23. h3 Re4 24. fxe6 fxe6 25. Rf3 Rxe5 26. Rdf1 g6 27.
Rf7 Re1 28. Rf8+ Rxf8 29. Rxe1 Kf7 30. g4 Rc8 31. Rb1 b5 32. Rb3 Rc4 33. Kg2
Ra4 34. Kf3 Ra2 35. g5 e5 36. h4 Ke6 37. Kg4 Ra4+ 38. Rb4 a5 0-1

[Event "Championnat de France - Accession"]
[Site "NANCY"]
[Date "2013.08.14"]
[Round "3.1"]
[White "Chabanon, Jean-Luc"]
[Black "Mullon, Jean-Baptiste"]
[Result "1-0"]
[WhiteElo "2473"]
[BlackElo "2411"]
[PlyCount "97"]
[EventDate "2013.??.??"]

1. d4 Nf6 2. c4 g6 3. Nc3 Bg7 4. e4 d6 5. Nf3 O-O 6. Be2 e5 7. O-O Na6 8. Be3
c6 9. d5 Ng4 10. Bg5 f6 11. Bc1 c5 12. a3 f5 13. exf5 gxf5 14. Ng5 Nh6 15. f4
e4 16. Be3 Qe7 17. Qe1 Nf7 18. Nh3 Bf6 19. Nd1 Kh8 20. Bd2 Nc7 21. Bc3 Bd4+ 22.
Kh1 b5 23. Ne3 bxc4 24. Bxc4 Rb8 25. Nc2 Bg7 26. Bxg7+ Kxg7 27. b4 Qf6 28. Rb1
Bd7 29. Qe3 Nb5 30. Bxb5 Bxb5 31. Rg1 Bd3 32. Rbc1 Rfc8 33. Nf2 Bxc2 34. Rxc2
cxb4 35. Rxc8 Rxc8 36. axb4 Qc3 37. Qxa7 Qxb4 38. Nd1 Rc1 39. Qf2 Qb1 40. Ne3
Kf6 41. h3 Rxg1+ 42. Qxg1 Qb2 43. Qe1 h5 44. Kh2 Qb3 45. Qh4+ Kg6 46. Qg3+ Kh7
47. Nxf5 Qb2 48. Qe3 Qc2 49. Qd4 1-0

[Event "Championnat de France - Accession"]
[Site "NANCY"]
[Date "2013.08.14"]
[Round "3.2"]
[White "Navrotescu, Catalin"]
[Black "Marzolo, Cyril"]
[Result "1/2-1/2"]
[WhiteElo "2363"]
[BlackElo "2449"]
[PlyCount "81"]
[EventDate "2013.??.??"]

1. c4 e6 2. g3 Nf6 3. Bg2 d5 4. d4 Bb4+ 5. Bd2 Be7 6. Nf3 O-O 7. Qc2 Nbd7 8.
O-O c6 9. Bf4 Nh5 10. Bc1 f5 11. Nbd2 Bd6 12. Ne1 Nhf6 13. cxd5 cxd5 14. Nd3
Nb8 15. Nf3 Nc6 16. Bf4 Bxf4 17. Nxf4 Bd7 18. Rfc1 Qb6 19. e3 Rfc8 20. Qb3 Ne4
21. Nd3 Be8 22. Nfe5 Nxe5 23. Bxe4 Nc4 24. Bf3 Nd2 25. Qd1 Nxf3+ 26. Qxf3 Qb5
27. Qd1 b6 28. Qb3 Qa5 29. Qd1 h6 30. Ne5 Qb5 31. Qd2 Kh7 32. Rxc8 Rxc8 33. Rc1
Rxc1+ 34. Qxc1 Qe2 35. a3 Bb5 36. Kg2 a5 37. b3 Bd3 38. Nxd3 Qxd3 39. b4 axb4
40. axb4 b5 41. Qc5 1/2-1/2

[Event "Championnat de France - Accession"]
[Site "NANCY"]
[Date "2013.08.14"]
[Round "3.3"]
[White "Barbot, Pierre"]
[Black "Battaglini, Gabriel"]
[Result "1-0"]
[WhiteElo "2360"]
[BlackElo "2438"]
[PlyCount "67"]
[EventDate "2013.??.??"]

1. d4 Nf6 2. Nf3 c5 3. e3 b6 4. Bd3 Bb7 5. O-O d6 6. c4 e6 7. Nc3 Nbd7 8. a3
Be7 9. b4 a6 10. Rb1 Qc7 11. Bb2 O-O 12. d5 exd5 13. cxd5 Rfe8 14. Re1 Bf8 15.
e4 Re7 16. bxc5 Nxc5 17. Bc2 Nfd7 18. Nd4 g6 19. Nc6 Ree8 20. Qd4 Ne5 21. f4
Bxc6 22. dxc6 Ne6 23. Qf2 Ng4 24. Qg3 Nf6 25. Nd5 Nxd5 26. exd5 Ng7 27. Qc3 b5
28. a4 Reb8 29. Ba1 Qb6+ 30. Kh1 b4 31. Qf6 Qf2 32. Re7 Re8 33. Qxf7+ Kh8 34.
Bxg7+ 1-0

[Event "Championnat de France - Accession"]
[Site "NANCY"]
[Date "2013.08.14"]
[Round "3.4"]
[White "Lagarde, Maxime"]
[Black "Schweitzer, Viktoriya"]
[Result "1-0"]
[WhiteElo "2526"]
[BlackElo "2199"]
[PlyCount "81"]
[EventDate "2013.??.??"]

1. e4 b6 2. d4 Bb7 3. Nc3 e6 4. Bd3 Nf6 5. Nge2 d5 6. e5 Nfd7 7. Nf4 Qe7 8. Nb5
Kd8 9. O-O a6 10. Na3 b5 11. c3 Nb6 12. b3 Qd7 13. Qg4 Nc6 14. Nc2 Kc8 15. Ba3
g6 16. Bxf8 Rxf8 17. Be2 h5 18. Qg3 Ne7 19. Ne3 Bc6 20. Nd3 Nf5 21. Nxf5 exf5
22. Rfe1 Qe7 23. h4 Kb7 24. Nc5+ Ka7 25. a4 bxa4 26. Nxa6 a3 27. Qg5 f6 28.
exf6 Qd6 29. Qc1 Nd7 30. Rxa3 Kb6 31. c4 Kb7 32. c5 Qxf6 33. Qf4 Qd8 34. Bf1
Nf6 35. b4 Re8 36. Rxe8 Bxe8 37. b5 Ne4 38. f3 g5 39. c6+ Kb6 40. Qc1 Qf6 41.
Ra4 1-0

[Event "Championnat de France - Accession"]
[Site "NANCY"]
[Date "2013.08.14"]
[Round "3.5"]
[White "Monroy, Charles"]
[Black "Dionisi, Thomas"]
[Result "0-1"]
[WhiteElo "2436"]
[BlackElo "2316"]
[PlyCount "60"]
[EventDate "2013.??.??"]

1. Nf3 g6 2. e4 Bg7 3. d4 c6 4. Nc3 d5 5. h3 Nh6 6. Bd3 f6 7. Bf4 Nf7 8. e5 O-O
9. Qe2 e6 10. h4 c5 11. exf6 Bxf6 12. Ng5 Nxg5 13. Bxg5 c4 14. Bxc4 dxc4 15.
Ne4 Nd7 16. f4 Bxg5 17. fxg5 b5 18. h5 Bb7 19. hxg6 hxg6 20. Nc5 Bd5 21. Nxd7
Qxd7 22. Rh6 Qf7 23. O-O-O Qf5 24. Kb1 Kg7 25. Rdh1 Rh8 26. a4 bxa4 27. R1h4
Qxg5 28. Rg4 Qxh6 29. Qe5+ Kh7 30. Rg3 Qg7 0-1

[Event "Championnat de France - Accession"]
[Site "NANCY"]
[Date "2013.08.14"]
[Round "3.6"]
[White "Roser, Kevin"]
[Black "Bellahcene, Bilel"]
[Result "1-0"]
[WhiteElo "2413"]
[BlackElo "2321"]
[PlyCount "95"]
[EventDate "2013.??.??"]

1. e4 e5 2. Nf3 Nc6 3. Bb5 a6 4. Ba4 Nf6 5. O-O Be7 6. Re1 b5 7. Bb3 O-O 8. d3
d6 9. c3 Na5 10. Bc2 c5 11. Nbd2 Nc6 12. Nf1 Re8 13. h3 h6 14. Ng3 Bf8 15. d4
cxd4 16. cxd4 Nxd4 17. Nxd4 exd4 18. Qxd4 Be6 19. b3 Rc8 20. Qd3 Qc7 21. Re2
Qc3 22. Qxc3 Rxc3 23. Bb2 Rc6 24. Rd1 Be7 25. f4 Rd8 26. Red2 Re8 27. Bb1 Bc8
28. Ba3 Rc3 29. Kh2 g5 30. fxg5 hxg5 31. Bb4 Rc6 32. Bxd6 Bxd6 33. Rxd6 Rxd6
34. Rxd6 Kg7 35. Bd3 g4 36. Nf5+ Bxf5 37. exf5 Re3 38. g3 gxh3 39. Kxh3 Nh5 40.
Kg4 Nf6+ 41. Kf4 Re1 42. g4 Rg1 43. Be2 Rg2 44. Bf3 Rxa2 45. g5 Ne8 46. Rd7 Rc2
47. g6 Nc7 48. Rxf7+ 1-0